凱旋門賞に挑んだ日本馬 - Statistics

General Stats
  • This quiz has been taken 31 times
  • The average score is 15 of 35
Answer Stats
Answer 着順 % Correct
ナカヤマフェスタ 11
83%
2010 ナカヤマフェスタ 2
83%
2013 オルフェーヴル 2
79%
2012 オルフェーヴル 2
79%
2006 ディープインパクト 3(失格)
79%
1999 エルコンドルパサー 2
75%
ゴールドシップ 14
67%
2017 サトノダイヤモンド 15
63%
キズナ 4
63%
2024 シンエンペラー 12
54%
ドウデュース 19
54%
1969 スピードシンボリ 着外
54%
ディープボンド 18
50%
2021 クロノジェネシス 7
50%
ディープボンド 14
50%
2019 キセキ 7
50%
2016 マカヒキ 14
50%
2023 スルーセブンシーズ 4
46%
ジャスタウェイ 8
46%
2022 タイトルホルダー 11
42%
1986 シリウスシンボリ 14
42%
ステイフーリッシュ 14
33%
サトノノブレス 16
29%
2014 ハープスター 6
29%
ヴィクトワールピサ 7
29%
2004 タップダンスシチー 17
25%
2020 ディアドラ 8
21%
フィエールマン 12
21%
2008 メイショウサムソン 10
21%
2002 マンハッタンカフェ 13
21%
1972 メジロムサシ 18
17%
ブラストワンピース 11
13%
2011 ヒルノダムール 10
13%
2018 クリンチャー 17
8%
アヴェンティーノ 17
8%
No matching quizzes found
Score Distribution
Percent of People with Each Score
Percentile by Number Answered
Your Score History
You have not taken this quiz